000 00332nam a2200133Ia 4500
008 240624s9999 xx 000 0 und d
041 _aeng
082 _a302 SAN
100 _aSANDERSON CATHERINE A
245 _aSOCIAL PSYCHOLOGY
260 _c2011
_aDelhi
_bWiley India
300 _axl, : 590 : p, : cm. ; 25
365 _cRS
_b33.5
999 _c19113
_d19113